000 01406nam a2200337 a 4500
001 ebr10055255
003 CaPaEBR
006 m u
007 cr cn|||||||||
008 931201s1993 dcua sb 000 0 eng d
010 _z 92061838
020 _z0309047862
040 _aCaPaEBR
_cCaPaEBR
035 _a(OCoLC)42329150
050 1 4 _aRA427.3
_b.N37 1993eb
082 0 4 _a615.9/02
_220
110 2 _aNational Research Council (U.S.).
_bCommittee on Risk Assessment Methodology.
245 1 0 _aIssues in risk assessment
_h[electronic resource] /
_cCommittee on Risk Assessment Methodology, Board on Environmental Studies and Toxicology, Commission on Life Sciences, National Research Council.
260 _aWashington, DC :
_bNational Academy Press,
_c1993.
300 _axvi, 356 p. :
_bill.
504 _aIncludes bibliographical references.
533 _aElectronic reproduction.
_bPalo Alto, Calif. :
_cebrary,
_d2013.
_nAvailable via World Wide Web.
_nAccess may be limited to ebrary affiliated libraries.
650 0 _aHealth risk assessment.
650 0 _aCarcinogenicity testing.
650 0 _aEcology.
650 0 _aRisk assessment.
650 0 _aEnvironmental health.
655 7 _aElectronic books.
_2local
710 2 _aebrary, Inc.
856 4 0 _uhttp://site.ebrary.com/lib/rucke/Doc?id=10055255
_zAn electronic book accessible through the World Wide Web; click to view
999 _c64188
_d64188